000 00585cam a22002291 4500
001 sa 68000043
003 DLC
005 20260227112420.0
008 890630s1966 ii b 000 0 beno
010 _asa 68000043
035 _a(OCoLC)19952414
040 _aDLC
_cWaU
_dDLC
042 _apremarc
050 0 0 _aPN2887
_b.B45
100 1 _aBhaṭṭācārya, Śaṅkara.
245 1 0 _aBāṃlā thiẏeṭāre abhinaẏa.
260 _c[1966]
300 _a11, 117 p.
_c22 cm.
500 _aIn Bengali.
504 _aBibliography: p. [116]-117.
650 0 _aActors, Bengali.
999 _c76897
_d76897